Muchchad gadh and other stories / (Record no. 149930)

MARC details
000 -LEADER
fixed length control field 00515nam a22001817a 4500
005 - DATE AND TIME OF LATEST TRANSACTION
control field 20180215140726.0
010 ## - LCCN (DPL NO)
LC control number ENG-122267
020 ## - INTERNATIONAL STANDARD BOOK NUMBER
International Standard Book Number 9789386473165
Terms of availability 250.00
035 ## - SYSTEM CONTROL NUMBER
System control number EN-105799
037 ## - SOURCE OF ACQUISITION
Source of stock number/acquisition DBAD/PUB
082 ## - DEWEY DECIMAL CLASSIFICATION NUMBER
Classification number S
100 ## - MAIN ENTRY--PERSONAL NAME
Personal name Malhan, Sangita P Menon
245 ## - TITLE STATEMENT
Title Muchchad gadh and other stories /
Statement of responsibility, etc by Sangita P Menon Malhan
260 ## - PUBLICATION, DISTRIBUTION, ETC. (IMPRINT)
Place of publication, distribution, etc New Delhi
Name of publisher, distributor, etc Vitasta
Date of publication, distribution, etc c2018
270 ## - ADDRESS
Address 2/15, Ansari Road, Daryaganj
City New Delhi
Postal code 110002
300 ## - PHYSICAL DESCRIPTION
Extent ix, 229p.
Dimensions 20cm(pbk)
942 ## - ADDED ENTRY ELEMENTS (KOHA)
Source of classification or shelving scheme Dewey Decimal Classification
Item type English Books
Classification part S
Call number suffix MAL
Holdings
Withdrawn status Lost status Not for loan Collection code Home library Current library Date acquired Source of acquisition Cost, normal purchase price Full call number Barcode Copy number Cost, replacement price Koha item type
    Not For Loan Fiction D.B.Act.Division Bawana 15/02/2018 DBAD/PUB 250.00 S MAL EN-105799 1 250.00 English Books

© Delhi Public Library
Hit Counter
free hit counter